Overcoming the world missions crisis : (Record no. 1646)

MARC details
000 -LEADER
fixed length control field 01388cam a22003737i 4500
001 - CONTROL NUMBER
control field data
005 - DATE AND TIME OF LATEST TRANSACTION
control field 20260322212110.0
008 - FIXED-LENGTH DATA ELEMENTS--GENERAL INFORMATION
fixed length control field data
035 ## - SYSTEM CONTROL NUMBER
System control number 22452951
010 ## - LIBRARY OF CONGRESS CONTROL NUMBER
LC control number 2021278360
020 ## - INTERNATIONAL STANDARD BOOK NUMBER
International Standard Book Number 9780825434662
Qualifying information (pbk.)
035 ## - SYSTEM CONTROL NUMBER
System control number (OCoLC)48524714
040 ## - CATALOGING SOURCE
Original cataloging agency JBT
Language of cataloging eng
Description conventions rda
Transcribing agency JBT
Modifying agency DLC
-- VFY
-- OCLCQ
-- BAKER
-- YDXCP
-- P4I
-- XBE
-- OCLCQ
-- OCLCO
-- TUU
-- OCLCF
-- OCLCQ
-- NLUKB
-- OCLCQ
-- OCLCO
-- DLC
042 ## - AUTHENTICATION CODE
Authentication code lccopycat
050 00 - LIBRARY OF CONGRESS CALL NUMBER
Classification number BV2070
Item number .O94 2001
082 04 - DEWEY DECIMAL CLASSIFICATION NUMBER
Classification number 266.3
245 00 - TITLE STATEMENT
Title Overcoming the world missions crisis :
Remainder of title thinking strategically to reach the world /
Statement of responsibility, etc. Russell L. Penney, general editor.
264 #1 - PRODUCTION, PUBLICATION, DISTRIBUTION, MANUFACTURE, AND COPYRIGHT NOTICE
Place of production, publication, distribution, manufacture Grand Rapids, MI :
Name of producer, publisher, distributor, manufacturer Kregel Publications,
Date of production, publication, distribution, manufacture, or copyright notice [2001]
300 ## - PHYSICAL DESCRIPTION
Extent 389 pages ;
Dimensions 23 cm
336 ## - CONTENT TYPE
Content type term text
Content type code txt
Source rdacontent
336 ## - CONTENT TYPE
Content type term text
Content type code txt
Source rdacontent
337 ## - MEDIA TYPE
Media type term unmediated
Media type code n
Source rdamedia
337 ## - MEDIA TYPE
Media type term unmediated
Media type code n
Source rdamedia
338 ## - CARRIER TYPE
Carrier type term volume
Carrier type code nc
Source rdacarrier
338 ## - CARRIER TYPE
Carrier type term volume
Carrier type code nc
Source rdacarrier
504 ## - BIBLIOGRAPHY, ETC. NOTE
Bibliography, etc. note Includes bibliographical references (pages 351-389).
650 #0 - SUBJECT ADDED ENTRY--TOPICAL TERM
Topical term or geographic name entry element Missions.
650 #0 - SUBJECT ADDED ENTRY--TOPICAL TERM
Topical term or geographic name entry element Missions
General subdivision Theology.
650 #7 - SUBJECT ADDED ENTRY--TOPICAL TERM
Topical term or geographic name entry element Missions.
Source of heading or term fast
Authority record control number or standard number (OCoLC)fst01023771
700 1# - ADDED ENTRY--PERSONAL NAME
Personal name Penney, Russell,
Dates associated with a name 1960-
Relator term editor.
906 ## - LOCAL DATA ELEMENT F, LDF (RLIN)
a 7
b cbc
c copycat
d 1
e ncip
f 20
g y-gencatlg
925 0# -
-- acquire
-- 1 shelf copies
-- policy default
Holdings
Withdrawn status Lost status Damaged status Not for loan Home library Current library Shelving location Date acquired Total checkouts Full call number Barcode Date last seen Price effective from Koha item type
        Institut Protestant de Théologie Institut Protestant de Théologie General stacks 22/03/2026   266.3 LOC-IPT-00037 22/03/2026 22/03/2026 Books